000 00321 a2200157 4500
001 160942
020 _a
040 _cMagnum
100 _aSoares, Antonio Carlos
240 1 0 _aO vilao banana
_lpor
245 1 0 _aO vilao banana
362 0 _a1899
440 1 _aAo Livro Técnico
697 _aJ/GERAL
942 _cBK
999 _c160942
_d160942